[Event "Evry op"]
[Site "Evry"]
[Date "2007.11.01"]
[Round "2"]
[White "Brumant, Steeven"]
[Black "Delessard, Michel"]
[Result "0-1"]
[WhiteElo "1430"]
[BlackElo "1710"]
[PlyCount "70"]
[EventDate "2007.10.31"]
[EventType "swiss"]
[EventRounds "9"]
[EventCountry "FRA"]
[SourceTitle "EXT 2009"]
[Source "ChessBase"]
[SourceDate "2008.11.26"]
[SourceVersion "1"]
[SourceVersionDate "2008.11.26"]
[SourceQuality "1"]

1. e4 c5 2. Nf3 e6 3. Nc3 Nc6 4. d4 cxd4 5. Nxd4 d6 6. g3 Nf6 7. Bg5 Be7 8. f4 h6 9. Bxf6 Bxf6 10. Bb5 Bd7 11. Nf3 a6 12. Bc4 Qc7 13. Qd2 0-0 14. 0-0-0 Be7 15. Kb1 b5 16. Bb3 Na5 17. Nd4 Rfd8 18. a3 Nxb3 19. Nxb3 Rac8 20. Rhg1 Be8 21. g4 Bf6 22. Rg3 Bh4 23. Rgg1 Bf6 24. Rg3 Bc6 25. Re3 d5 26. e5 Be7 27. Nd4 Bd7 28. h4 Bxh4 29. f5 Bg5 30. fxe6 Bxe6 31. Nxe6 fxe6 32. Rh1 Rf8 33. Qe1 Bxe3 34. Qxe3 Qc4 35. g5 Rf1+ 0-1

[Event "Evry op"]
[Site "Evry"]
[Date "2007.10.31"]
[Round "1"]
[White "Nicolas, Christophe"]
[Black "Brumant, Steeven"]
[Result "1-0"]
[WhiteElo "1896"]
[BlackElo "1430"]
[PlyCount "57"]
[EventDate "2007.10.31"]
[EventType "swiss"]
[EventRounds "9"]
[EventCountry "FRA"]
[SourceTitle "EXT 2009"]
[Source "ChessBase"]
[SourceDate "2008.11.26"]
[SourceVersion "1"]
[SourceVersionDate "2008.11.26"]
[SourceQuality "1"]

1. d4 d6 2. Nf3 Nf6 3. c4 g6 4. Nc3 Bg7 5. e4 0-0 6. Be2 b6 7. 0-0 Bb7 8. Qc2 Nbd7 9. Be3 e6 10. Rac1 c6 11. Bg5 Re8 12. e5 dxe5 13. dxe5 Nxe5 14. Nxe5 Qd6 15. Nf3 Ng4 16. Ne4 Qc7 17. h3 Ne5 18. Nf6+ Kh8 19. Nxe8 Rxe8 20. Rfd1 Nd7 21. Qd2 Bf6 22. Qxd7 Qxd7 23. Rxd7 Bxg5 24. Nxg5 Bc8 25. Rxf7 e5 26. Rxh7+ Kg8 27. Rd1 e4 28. Rd6 Rf8 29. Rxg6# 1-0